Logica para estudiantes de derecho / (Registro nro. 18778)
[ vista simple ]
| 000 -LEADER | |
|---|---|
| fixed length control field | 01828nam a2200313 4500 |
| 001 - CONTROL NUMBER | |
| control field | 0000020289 |
| 003 - CONTROL NUMBER IDENTIFIER | |
| control field | CO-CtgCURN |
| 005 - DATE AND TIME OF LATEST TRANSACTION | |
| control field | 20250331184416.0 |
| 007 - PHYSICAL DESCRIPTION FIXED FIELD--GENERAL INFORMATION | |
| fixed length control field | ta |
| 008 - FIXED-LENGTH DATA ELEMENTS--GENERAL INFORMATION | |
| fixed length control field | 160627s2003 000 0 eng d |
| 020 ## - INTERNATIONAL STANDARD BOOK NUMBER | |
| International Standard Book Number | 9586762254 |
| 040 ## - CATALOGING SOURCE | |
| Original cataloging agency | CO-CtgCURN |
| Language of cataloging | spa |
| Transcribing agency | coctgcurn |
| 082 0# - DEWEY DECIMAL CLASSIFICATION NUMBER | |
| Classification number | 340.11 |
| Item number | P37L |
| 100 1# - MAIN ENTRY--PERSONAL NAME | |
| Personal name | Pérez Vieda, Gustavo. |
| 245 10 - TITLE STATEMENT | |
| Title | Logica para estudiantes de derecho / |
| Statement of responsibility, etc. | Gustavo Pérez Vieda. |
| 260 ## - PUBLICATION, DISTRIBUTION, ETC. | |
| Place of publication, distribution, etc. | Bogotá : |
| Name of publisher, distributor, etc. | Ediciones Doctrina y Ley, |
| Date of publication, distribution, etc. | 2003. |
| 300 ## - PHYSICAL DESCRIPTION | |
| Extent | xxii, 327 p. : il. ; 24 cm. |
| 336 ## - CONTENT TYPE | |
| Source | rdacontent |
| 337 ## - MEDIA TYPE | |
| Source | rdamedia |
| Media type term | sin mediacion |
| Media type code | n |
| 338 ## - CARRIER TYPE | |
| Source | rdacarrier |
| Carrier type term | volumen |
| Carrier type code | nc |
| 500 ## - GENERAL NOTE | |
| General note | Glosario ( p. 309-324 ) |
| 504 ## - BIBLIOGRAPHY, ETC. NOTE | |
| Bibliography, etc. note | Incluye bibliografias. |
| 505 8# - FORMATTED CONTENTS NOTE | |
| Formatted contents note | Logica y conocimiento.--Introducción al pensamiento filosofico.--Acerca de la naturaleza de la filosofia.--Nuevas direcciones de la logica.--El universo de la logica.--La nueva logica.--Historia de la logica moderna.--Caracteristicas de la logica actual.--Autoevaluacion finalidad y objeto de la logica.--La logía.--Teoria de interferencia correcta.--Acerca de los principios logicos.--Sobre los actos y operaciones.--La definicion.--La clasificacion.--Los conceptos juridicos.--Del juicio y la proposicion.--La oposicion de las proposiciones.--La verdad como propiedad principal del juicio.--De los grados de asentimiento o estados de la mente frente a la verdad.--De los juicios y las proposiciones en el derecho.--Del razonamiento y la argumentacion.--El razonamiento juridico.--De la demostracion.--Del razonamiento inductivo.--Del razonamiento analogico |
| 650 14 - SUBJECT ADDED ENTRY--TOPICAL TERM | |
| Topical term or geographic name entry element | Logica (Derecho) |
| 908 ## - PUT COMMAND PARAMETER (RLIN) | |
| Put command parameter | 160627 |
| 942 ## - ADDED ENTRY ELEMENTS (KOHA) | |
| Koha item type | Libros |
| Classification part | 340.11 |
| Item part | P37L |
| Source of classification or shelving scheme | Dewey Decimal Classification |
| Withdrawn status | Lost status | Source of classification or shelving scheme | Damaged status | Not for loan | Collection | Home library | Current library | Shelving location | Date acquired | Inventory number | Total checkouts | Full call number | Barcode | Date last seen | Copy number | Price effective from | Koha item type | Public note |
|---|---|---|---|---|---|---|---|---|---|---|---|---|---|---|---|---|---|---|
| Dewey Decimal Classification | General | Miguel Henríquez Castañeda | Miguel Henríquez Castañeda | General | 03/31/2025 | 003496 | 340.11 P37 L | 003496 | 03/31/2025 | ej.1 | 03/31/2025 | Libros | 340-DEREC | |||||
| Dewey Decimal Classification | General | Miguel Henríquez Castañeda | Miguel Henríquez Castañeda | General | 03/31/2025 | 003500 | 340.11 P37 L | 003500 | 03/31/2025 | ej.2 | 03/31/2025 | Libros | 340-DEREC |